<?xml version="1.0" encoding="UTF-8"?>
<record
    xmlns:xsi="http://www.w3.org/2001/XMLSchema-instance"
    xsi:schemaLocation="http://www.loc.gov/MARC21/slim http://www.loc.gov/standards/marcxml/schema/MARC21slim.xsd"
    xmlns="http://www.loc.gov/MARC21/slim">

  <leader>02627nam a22003257a 4500</leader>
  <controlfield tag="003">OSt</controlfield>
  <controlfield tag="005">20211115155941.0</controlfield>
  <controlfield tag="008">200324b        xxu||||| |||| 00| 0 eng d</controlfield>
  <datafield tag="020" ind1=" " ind2=" ">
    <subfield code="a">9781604061819</subfield>
  </datafield>
  <datafield tag="040" ind1=" " ind2=" ">
    <subfield code="c">LC</subfield>
  </datafield>
  <datafield tag="050" ind1=" " ind2=" ">
    <subfield code="a">RJ51.P371</subfield>
  </datafield>
  <datafield tag="245" ind1=" " ind2=" ">
    <subfield code="a">Pediatric imaging. /</subfield>
    <subfield code="b">Edited by B. Gunderman and Lisa R. Delaney</subfield>
  </datafield>
  <datafield tag="246" ind1=" " ind2=" ">
    <subfield code="a">RadCases Pediatric imaging</subfield>
  </datafield>
  <datafield tag="260" ind1=" " ind2=" ">
    <subfield code="a">New York: </subfield>
    <subfield code="b">Thieme Medical Publishers,</subfield>
    <subfield code="c">2010.</subfield>
  </datafield>
  <datafield tag="300" ind1=" " ind2=" ">
    <subfield code="a">vi, 208 p. :</subfield>
  </datafield>
  <datafield tag="440" ind1=" " ind2=" ">
    <subfield code="a">RadCases (All the key radiology cases for your rounds, rotations, and exams - in print and online! [back page])</subfield>
  </datafield>
  <datafield tag="500" ind1=" " ind2=" ">
    <subfield code="a">Includes index</subfield>
  </datafield>
  <datafield tag="505" ind1=" " ind2=" ">
    <subfield code="a">Pediatric Imaging will enable you to diagnose the full range of conditions affecting pediatric patients. Features include:  Numerous high-resolution radiographs demonstrate various imaging modalities  A variety of common and uncommon presentations cover everything from adenopathy to X-linked adrenoleukodystrophy  Examples of critical cases tha must be diagnosed immediately - to avert potential disaster in daily practice and on exams - such as necrotizing enterocolitis  </subfield>
  </datafield>
  <datafield tag="520" ind1=" " ind2=" ">
    <subfield code="a">Pediatric radiology is a special field. it is distinguished from most other radiologic disciplines by the fact that it addresses all of the organ systems and imaging modalities. Moreover, it focuses on the most formative and resilient stages of life, from infancy to adolescence. The patients it serves are in some respects the most vulnerable and precious of all. Like other pediatric fields, it is populated by people of special optimism and dedication, and pediatric radiologists typically enjoy relationships of high mutual respect and gratitude with patients, families and referring health professionals.Studying pediatric radiology is a special privilege, offering opportunities to explore the anatomy, physiology, and pathology of the developing human and to put to work for our patients some of the most remarkable diagnostic advances in the recent history of medicine. We feel blessed to count ourselves among the long line of physicians who have practiced this craft, and we offer these case with the hope that they will enrich the quality of care of infants, children and adolescents for years to come' [Publisher].</subfield>
  </datafield>
  <datafield tag="650" ind1=" " ind2=" ">
    <subfield code="a">Diagnostic Imaging -- Methods. 	</subfield>
  </datafield>
  <datafield tag="650" ind1=" " ind2=" ">
    <subfield code="a">Pediatric diagnostic imaging -- Case studies</subfield>
  </datafield>
  <datafield tag="650" ind1=" " ind2=" ">
    <subfield code="a">Radiology (incl. Interventional Radiology) </subfield>
  </datafield>
  <datafield tag="650" ind1=" " ind2=" ">
    <subfield code="a">Pediatrics </subfield>
  </datafield>
  <datafield tag="650" ind1=" " ind2=" ">
    <subfield code="a">Neonatal Medicine </subfield>
  </datafield>
  <datafield tag="700" ind1=" " ind2=" ">
    <subfield code="a">Gunderman, Richard D.</subfield>
  </datafield>
  <datafield tag="700" ind1=" " ind2=" ">
    <subfield code="a">Delaney, Lisa R.</subfield>
  </datafield>
  <datafield tag="800" ind1=" " ind2=" ">
    <subfield code="a">Lorenz, Jonathan</subfield>
  </datafield>
  <datafield tag="800" ind1=" " ind2=" ">
    <subfield code="a">Ferral, Hector</subfield>
  </datafield>
  <datafield tag="942" ind1=" " ind2=" ">
    <subfield code="2">lcc</subfield>
    <subfield code="c">BK</subfield>
  </datafield>
  <datafield tag="999" ind1=" " ind2=" ">
    <subfield code="c">7193</subfield>
    <subfield code="d">14693</subfield>
  </datafield>
  <datafield tag="952" ind1=" " ind2=" ">
    <subfield code="0">0</subfield>
    <subfield code="1">0</subfield>
    <subfield code="2">lcc</subfield>
    <subfield code="4">0</subfield>
    <subfield code="7">0</subfield>
    <subfield code="a">WIUC-KL</subfield>
    <subfield code="b">WIUC-KL</subfield>
    <subfield code="c">NURS L.</subfield>
    <subfield code="d">2019-11-29</subfield>
    <subfield code="o">RJ51.R3.P397</subfield>
    <subfield code="p">KSN/904/904/19</subfield>
    <subfield code="r">2020-03-24 00:00:00</subfield>
    <subfield code="w">2020-03-24</subfield>
    <subfield code="y">BK</subfield>
  </datafield>
</record>
